| 000 | 00589nam a22001817a 4500 | ||
|---|---|---|---|
| 999 |
_c172296 _d172296 |
||
| 005 | 20200131120532.0 | ||
| 010 | _aA-511319 | ||
| 020 | _a818543400X | ||
| 035 | _aA-511319 | ||
| 037 | _bBPPD/Pub. | ||
| 082 | _a921 | ||
| 245 |
_aامام الہند ابول کلام آزاد / _cمرتبہ - سیدہ سیدین حمید |
||
| 246 |
_aImam-ul-Hind Abul Kalam Azad / _bedited by Syeda Syedin Hamid |
||
| 260 |
_aNew Delhi _bIndian Council For Cultural Relations _c1990 ء |
||
| 270 |
_a- _b- _e- |
||
| 300 |
_a476p. _c23cm(Hb) |
||
| 942 |
_2ddc _cUR _h921 _mا ب و |
||